000 01532 a2200229 4500
001 48046
005 20260407155746.0
008 260407a1976 arg spa d
003 AR-UNSa-BCEJYS
040 _aAR-UNSa-BCEJYS
_bspa
_cAR-UNSa-BCEJYS
080 _a338.5.01
_xTeorías de los precios
245 1 0 _aTeoría de los Precios
250 _a2a. ed.
264 1 _aMadrid :
_bAlianza Editorial
_c1976
300 _a431 p.
_c24 cm.
505 _a1. Introducción - 2. La teoría de la demanda - 3. Los efectos sobre el "bienestar" provocados por los impuestos - 4. El análisis de la incertidumbre basado en la utilidad - 5. Las relaciones entre curvas de oferta y curvas de costes - 6. La ley de las proporciones variables y las curvas de costes de una empresa - 7. La demanda derivada - 8. La teoría de la distribución con proporciones fijas - 9. La teoría de la productividad marginal y la demanda de factores de producción - 10. El análisis de la productividad marginal: algunas cuestiones generales - 11. La oferta de factores de producción - 12. Desempleo y determinación del salario - 13. Los salarios en las diferentes ocupaciones - 14. Relación entre la distribución funcional y la distribución personal - 15. La distribución de las rentas según su magnitud - 16. El beneficio - 17. La teoría del capital y el tipo de interés -
942 _cBK
590 _aniveau_biblio:m niveau_hierar:0
100 1 _aFriedman, Milton
700 1 _aVergara, José
700 1 _aSan Román, José Vergara L. de
999 _c4525
_d4525